01494nam a2200385 a 4500008004100000020001800041041000800059245006200067250001100129260005900140300001700199500012800216653003900344653003800383653003000421653001400451653003900465653004900504653002900553653003800582653005900620653002800679653002800707653002600735653003700761653006300798653003300861653002500894700003000919700002600949700002300975700002800998700003801026700004401064131120s2013 Ag ||||| |||| 00| 0 spa d a9789500618885 aspa aMeneghello. Pediatría.bT.2 /cEnrique París Mancilla a2a ed. aBuenos Aires:bEditorial Médica Panamericana;c2013. a1386-2830 p. aParís Mancilla, E. et al. (2013). Meneghello. Pediatría. T.2 (2a ed.). Buenos Aires : Editorial Médica Panamericana.  aEnfermedades del aparato digestivo aEnfermedades del aparato urinario aEnfermedades de la sangre aOncologia aEnfermedades del sistema endocrino aFundamentos de genetica clinica en pediatria aEnfermedades metabolicas aEnfermedades del sistema nervioso aSalud mental y problemas psicosociales y psiquiatricos aOftalmologia pediatrica aEnfermedades de la piel aProblemas quirurgicos aProblemas ortopedicos frecuentes aRahabilitacion de enfermedades invalidantes de la infancia aEnfermedades no clasificadas aPerspectivas futuras1 aParís Mancilla, Enrique1 aSánchez D., Ignacio1 aBeltramino, Daniel1 aCopto García, Alfonso1 aBarreda M., PedroeCoord. general1 aGrau Martínez, ArturoeCoord. general